000 00622nam a2200217 a 4500
008 951031s1960||||xo 0 slo c
020 _a8085597268
_c18,30
040 _aSNK
_bslo
_cSNK
_eAACR2
041 1 _aslo
_hfre
044 _axo
_cSK
080 _a840-3
100 1 _aMaupassant, Guy de
_4aut
245 1 0 _aMiláčik
_cGuy de Maupassant ; Prel. Štefan Horváth ; Obál. Ján Hladík
250 _a6. vyd.
260 _aBratislava
_bSVKL
_c1960
_eNitra
_fNitrianske tlačiarne
300 _a340 s.
_c21 cm
700 1 _aHorváth, Štefan
_4trl
700 1 _aHladík, Ján
_4bjd
765 0 _tBel-Ami
958 _aAUL
999 _c12279
_d12279